Sänger/innen die in einer Gruppe/Band sangen - Statistiken

Allgemein
  • Dieses Quiz wurde 223 mal gespielt
  • Das Durchschnittsergebnis liegt bei 5 aus 10
Antwortstatistiken
Sänger/in Gruppe/Band % Korrekt
Melanie C Spice Girls
71%
Harry Styles OneDirection
68%
Robbie Wiliems Take That
65%
George Michael Wham!
57%
Phil Collins Genesis
55%
Bayoncé Destiny's Child
53%
Kelly Rowland Destiny's Child
53%
Justin Timberlake NSync
52%
Gwen Stefani No Doubt
38%
Camila Cabello Fifth Harmony
31%
Keine übereinstimmenden Quizze gefunden
Verteilung der Resultate
Anzahl Personen mit jedem Resultat
Perzentil nach korrekt beantworteten Fragen
Ihre Resultats-Entwicklung
Sie haben dieses Quiz noch nicht gespielt